000 00831nam a2200253 a 4500
001 BRCA_5598
005 20190320205140.0
008 210211s1952----nyua######---#000-0#spa-#
041 _aspaeng
044 _anyu
050 4 _aNA755
_b.M94 1952
100 1 _aMyers, I. E.
_914271
245 1 0 _aArquitectura moderna mexicana = Mexico´s Modern Arquitecture
_cI. E. Myers ; en cooperación con el Instituto Nacional de Bellas Artes de México.
260 _aNueva York
_bArchitectural Book
_c1952
300 _a264 p.
_bil.
_c27 cm.
500 _aF75
546 _aTexto en : español e inglés
650 1 4 _aArquitectura
_zMéxico
_9596
650 1 4 _aArquitectura moderna
_914272
710 2 _aInstituto Nacional de Bellas Artes (México)
_913982
740 0 _aMexico´s Modern Arquitecture
902 _aGFM
942 _2lcc
_cB
999 _c5292
_d5292